000 00281nam a22001337a 4500
008 171215b xxu||||| |||| 00| 0 eng d
020 _a9781305745063
041 _aeng
080 _a51
100 _a36
101 _aMAT
245 _aPRE-CALCULUS
_cKADYROVA,I
942 _2udc
_cBK
999 _c38957
_d38957